000 00508nam a2200169 i 4500
001 88052
003 ES-MaACL
005 20231227062550.0
007 t|
008 050103s1910 sp ||||1| spa d
100 1 _aLabra, Rafael M. de,
_d1840-1918
_969273
245 1 0 _aRelaciones de España con las repúblicas hispano-americanas /
_cRafael M. de Labra.
250 _a3ª ed.
260 _aMadrid :
_b[s.n.,
_c1910] (
_fTip. de Alfredo Alonso)
852 _aES-MaACL
_jT-1231-F-5
999 _c88052
_d88052